• 首页
  • 本馆介绍
  • 公告通知
  • 最新文献
  • 馆藏检索
  • 电子资源
  • 读者导购
  • 参考咨询
  • 我的图书馆
  • 登录
  • 详细信息显示
  • 放入我的书架
  • 预约/预借图书
  • 作者相关作品
  • 分类相关作品
  • 丛书相关作品
  • 出版社相关作品

书目信息

  • 表格格式
  • 工作单格式
  • 卡片格式
题名:
地方科技系统应对气候变化知识读本
    
 
作者: 柯兵 , 孙成永 主编 ;中国21世纪议程管理中心 编著
分册:  
出版信息: 北京   科学技术文献出版社  2017.06
页数: 299页
开本: 24cm
丛书名: 地方科技系统应对气候变化能力建设丛书
单 册:
中图分类: P467
科图分类:
主题词: 气候变化--基本知识
电子资源:
ISBN: 978-7-5189-2897-2
000 01219oam2 2200277 450
001 80
005 20180920171717.73
010    @a978-7-5189-2897-2@dCNY76.00
100    @a20180217d2017 em y0chiy50 ea
101 0  @achi
102    @aCN@b110000
105    @ay z 000yy
200 1  @a地方科技系统应对气候变化知识读本@9di fang ke ji xi tong ying dui qi hou bian hua zhi shi du ben@f中国21世纪议程管理中心编著
210    @a北京@c科学技术文献出版社@d2017.06
215    @a299页@d24cm
225 1  @a地方科技系统应对气候变化能力建设丛书@v4
300    @a中国清洁发展机制基金赠款项目“地方科技系统干部队伍应对气候变化教材编写与培训”资助
330    @a本书收集国内外气候变化及应对气候变化知识材料,形成了气候变化事实、气候变化对自然生态系统及社会生活的影响、适应气候变化等共计6章内容。书中阐述了针对政府部门和社会组织及国家可持续发展实验区的应对气候变化工作。
461  0 @12001 @a地方科技系统应对气候变化能力建设丛书
606 0  @a气候变化@x基本知识
690    @aP467@v5
701  0 @a柯兵@9ke bing@c(应急管理)@4主编
701  0 @a孙成永@9sun cheng yong@4主编
712 02 @a中国21世纪议程管理中心@9zhong guo 21 shi ji yi cheng guan li zhong xin@4编著
801  0 @aCN@b91MARC@c20180217
905    @aMuseLib@dP467@e103
    
    地方科技系统应对气候变化知识读本/中国21世纪议程管理中心编著.-北京:科学技术文献出版社,2017.06
    299页;24cm.-(地方科技系统应对气候变化能力建设丛书;4)
    中国清洁发展机制基金赠款项目“地方科技系统干部队伍应对气候变化教材编写与培训”资助
    
    ISBN 978-7-5189-2897-2:CNY76.00
    本书收集国内外气候变化及应对气候变化知识材料,形成了气候变化事实、气候变化对自然生态系统及社会生活的影响、适应气候变化等共计6章内容。书中阐述了针对政府部门和社会组织及国家可持续发展实验区的应对气候变化工作。
●
相关链接 在E读中查询图书 在五车中查询图书 在当当中查询图书 在豆瓣中查询图书


正题名:地方科技系统应对气候变化知识读本     索取号:P467/103         预约/预借

序号 登录号 条形码 馆藏地/架位号 状态 备注
1 1118139   211181399   第二样本阅览室/ [索取号:P467/103] 在馆    
2 1118140   211181406   第三借阅区/ [索取号:P467/103] 在馆    
3 1118141   211181415   第三借阅区/ [索取号:P467/103] 在馆    
4 1118142   211181424   第三借阅区/ [索取号:P467/103] 在馆    
5 1118143   211181433   第三借阅区/ [索取号:P467/103] 在馆    
唐山师范学院图书馆 欢迎您!
大连网信软件有限公司© 版权所有